| 000 | 01153cam a22002891i 4500 | ||
|---|---|---|---|
| 003 | SA-RiAUC | ||
| 005 | 20241230085858.0 | ||
| 008 | 241228s1984 ua g 00000 ara c | ||
| 020 | _a977095142X | ||
| 020 | _a977142095x | ||
| 040 |
_aSA-JeALM _bara _cSA-RiAUC _erda |
||
| 082 | 0 | 4 |
_a255.4 _qSA-RiAUC |
| 090 |
_a255.4 _bر ي ا |
||
| 100 | 1 |
_aريان، أحمد علي طه، _d1939- _eمؤلف. |
|
| 245 | 1 | 2 |
_aالمسكرات : _bآثارها وعلاجها في الشريعة الإسلامية / _cأحمد علي طه ربان. |
| 264 | 1 |
_aالقاهرة : _bدار الاعتصام، _c1984 |
|
| 300 |
_a200 صفحة ؛ _c24 سم |
||
| 336 |
_aنص _btxt _2rdacontent _3كتاب |
||
| 337 |
_aبدون وسيط _bn _2rdamedia |
||
| 338 |
_aمجلد _bnc _2rdacarrier |
||
| 500 | _aإهداء من المؤلف أحمد علي طه ربان. | ||
| 650 | 7 |
_aالعقوبات (فقه إسلامي) _2aucsh |
|
| 650 | 7 |
_aالمشروبات الروحية (فقه إسلامي) _2aucsh |
|
| 650 | 7 |
_aشرب المشروبات الروحية (فقه إسلامي) _2aucsh |
|
| 942 |
_2ddc _cBOOK _n0 |
||
| 949 |
_aSA-JeALM _d241228 _umohamedma123 _n1 |
||
| 999 |
_c4113 _d4113 |
||